000 00410nam a2200145Ia 4500
008 220204s9999 xx 000 0 und d
082 _a31:57+63(083)
_bFIS;2
100 _aFisher, Ronald A
245 0 _aStatistical tables for biological agricultural and medical research
250 _aEd.6
260 _aLondon
_bLongman
_c1963
650 _aCorrelation coefficient
700 _aYates, Frank
942 _cBK
999 _c21014
_d21014